Loading...
| Science - Other | 0 | 6 | 0 | 0 | 60 | 36 | 63.50 | 2 | 4 | 0.00 | 0.00 |
| Science - Physics | 0 | 6 | 0 | 1 | 60 | 71 | 90.67 | 1 | 5 | 0.00 | 0.00 |
| Science - Chemistry | 0 | 6 | 1 | 0 | 55 | 74 | 94.00 | 0 | 4 | 0.00 | 0.00 |
| Science - Biology | 0 | 2 | 0 | 1 | 20 | 117 | 119.50 | 0 | 1 | 0.00 | 0.00 |
| Pop Culture | 0 | 1 | 0 | 0 | 10 | 26 | 26.00 | 1 | 1 | 0.00 | 0.00 |
| History - Other | 0 | 1 | 0 | 1 | 10 | 141 | 141.00 | 1 | 1 | 0.00 | 0.00 |
| History - World | 0 | 1 | 0 | 0 | 10 | 39 | 39.00 | 1 | 1 | 0.00 | 0.00 |
| Literature - American | 0 | 1 | 0 | 1 | 10 | 135 | 135.00 | 0 | 0 | 0.00 | 0.00 |
| Philosophy | 0 | 1 | 0 | 0 | 10 | 119 | 119.00 | 0 | 0 | 0.00 | 0.00 |
| Social Science | 0 | 1 | 1 | 0 | 5 | 90 | 90.00 | 0 | 0 | 0.00 | 0.00 |